Franklin Pierce Trivia - Statistics

General Stats
  • This quiz has been taken 20 times
  • The average score is 6 of 10
Answer Stats
Hint Answer % Correct
The year he became President 1853
89%
His political Party Democratic
79%
He opened up trade with this secluded Asian Nation Japan
74%
He was notoriously addicted to this substance Alcohol
68%
This 1854 act he signed is often considered one of the worst laws in American history Kansas-Nebraska Act
58%
Despite being from the Northern US, he opposed this anti-slavery movement Abolitionist movement
47%
Along with his successor James Buchanan, he is often blamed for this conflict American Civil War
42%
...which caused this series of violent confrontations over the issue of slavery Bleeding Kansas
37%
Minor acquisition of Mexican land which happened during his tenure Gadsden Purchase
32%
This type of accident which killed his son affected him deeply Train crash
26%
No matching quizzes found
Score Distribution
Percent of People with Each Score
Percentile by Number Answered
Your Score History
You have not taken this quiz